<?xml version="1.0" encoding="UTF-8"?>
<collection xmlns="http://www.loc.gov/MARC21/slim">
    <record>
        <controlfield tag="001">61489</controlfield>
        <controlfield tag="005">20190131144157.0</controlfield>
        <datafield tag="024" ind1="8" ind2=" ">
            <subfield code="2">sideral</subfield>
            <subfield code="a">98861</subfield>
        </datafield>
        <datafield tag="037" ind1=" " ind2=" ">
            <subfield code="a">ART-2016-98861</subfield>
        </datafield>
        <datafield tag="041" ind1=" " ind2=" ">
            <subfield code="a">spa</subfield>
        </datafield>
        <datafield tag="100" ind1=" " ind2=" ">
            <subfield code="a">Vidal-Vallés, David</subfield>
        </datafield>
        <datafield tag="245" ind1=" " ind2=" ">
            <subfield code="a">Incidencia de atropellos de mamíferos silvestres no cinegéticos en la red viaria de la comunidad autónoma de Aragón (2012-2014)</subfield>
        </datafield>
        <datafield tag="260" ind1=" " ind2=" ">
            <subfield code="c">2016</subfield>
        </datafield>
        <datafield tag="506" ind1="0" ind2=" ">
            <subfield code="a">Access copy available to the general public</subfield>
            <subfield code="f">Unrestricted</subfield>
        </datafield>
        <datafield tag="520" ind1="3" ind2=" ">
            <subfield code="a">La red viaria se ha identificado como un importante agente antrópico de transformación ambiental que supone una amenaza para la conservación de la fauna silvestre y genera una grave problemática: los atropellos. En la Comunidad Autónoma de Aragón, entre los años 2012 y 2014, se detectaron 338 atropellos de mamíferos silvestres no cinegéticos, que afectaron a once especies diferentes, de las que el tejón y la garduña fueron las de mayor incidencia (132 y 80 casos, respectivamente). La distribución espacial de los atropellos de mamíferos detectados en Aragón fue relativamente heterogénea en el espacio y se advirtió un mayor número de atropellos en marzo. Fueron identificados nueve puntos negros para mamíferos, seis en la provincia de Zaragoza y tres en la provincia de Huesca. Se proponen una serie de recomendaciones de gestión con el fin de reducir este factor de amenaza sobre los mamíferos.</subfield>
        </datafield>
        <datafield tag="540" ind1=" " ind2=" ">
            <subfield code="9">info:eu-repo/semantics/openAccess</subfield>
            <subfield code="a">by-nc-nd</subfield>
            <subfield code="u">http://creativecommons.org/licenses/by-nc-nd/3.0/es/</subfield>
        </datafield>
        <datafield tag="655" ind1=" " ind2="4">
            <subfield code="a">info:eu-repo/semantics/article</subfield>
            <subfield code="v">info:eu-repo/semantics/publishedVersion</subfield>
        </datafield>
        <datafield tag="700" ind1=" " ind2=" ">
            <subfield code="0">(orcid)0000-0002-8731-1009</subfield>
            <subfield code="a">Pérez Collazos, Ernesto</subfield>
            <subfield code="u">Universidad de Zaragoza</subfield>
        </datafield>
        <datafield tag="710" ind1="2" ind2=" ">
            <subfield code="1">5011</subfield>
            <subfield code="2">063</subfield>
            <subfield code="a">Universidad de Zaragoza</subfield>
            <subfield code="b">Dpto. CC.Agrar.y Medio Natural</subfield>
            <subfield code="c">Área Botánica</subfield>
        </datafield>
        <datafield tag="773" ind1=" " ind2=" ">
            <subfield code="g">18 (2016), 47-66</subfield>
            <subfield code="p">Lucas Mallada</subfield>
            <subfield code="t">Lucas Mallada</subfield>
            <subfield code="x">0214-8315</subfield>
        </datafield>
        <datafield tag="856" ind1="4" ind2=" ">
            <subfield code="s">427021</subfield>
            <subfield code="u">http://zaguan.unizar.es/record/61489/files/texto_completo.pdf</subfield>
            <subfield code="y">Versión publicada</subfield>
        </datafield>
        <datafield tag="856" ind1="4" ind2=" ">
            <subfield code="s">45018</subfield>
            <subfield code="u">http://zaguan.unizar.es/record/61489/files/texto_completo.jpg?subformat=icon</subfield>
            <subfield code="x">icon</subfield>
            <subfield code="y">Versión publicada</subfield>
        </datafield>
        <datafield tag="909" ind1="C" ind2="O">
            <subfield code="o">oai:zaguan.unizar.es:61489</subfield>
            <subfield code="p">articulos</subfield>
            <subfield code="p">driver</subfield>
        </datafield>
        <datafield tag="951" ind1=" " ind2=" ">
            <subfield code="a">2019-01-31-14:37:55</subfield>
        </datafield>
        <datafield tag="980" ind1=" " ind2=" ">
            <subfield code="a">ARTICLE</subfield>
        </datafield>
    </record>

    
</collection>